000 00205 a2200109 4500
020 _a9588089743
041 _aspa
100 _aLa Prensa
245 _aEl Libro de los Valores
942 _cBK
952 _71
999 _c23562
_d23562